ARRUPE JESUIT UNIVERSITY

CORONAVIRUS -STOP THE SPREAD - CLEAN,DISINFECT,COVER

Amos, Hosea, Micah (Record no. 25475)

MARC details
000 -LEADER
fixed length control field 00543nam a2200217Ia 4500
003 - CONTROL NUMBER IDENTIFIER
control field 0100
008 - FIXED-LENGTH DATA ELEMENTS--GENERAL INFORMATION
fixed length control field 130303s9999 xx 000 0 und d
040 ## - CATALOGING SOURCE
Transcribing agency ARRUPELIB
050 ## - LIBRARY OF CONGRESS CALL NUMBER
Classification number BS1585.3.V3
100 ## - MAIN ENTRY--PERSONAL NAME
Personal name Vawter, Bruce
245 ## - TITLE STATEMENT
Title Amos, Hosea, Micah
245 ## - TITLE STATEMENT
Remainder of title with an introduction to classical prophecy
260 ## - PUBLICATION, DISTRIBUTION, ETC. (IMPRINT)
Place of publication, distribution, etc Wilmington Del.
260 ## - PUBLICATION, DISTRIBUTION, ETC. (IMPRINT)
Name of publisher, distributor, etc Glazier
260 ## - PUBLICATION, DISTRIBUTION, ETC. (IMPRINT)
-- 1981
300 ## - PHYSICAL DESCRIPTION
Extent 170p
440 ## - SERIES STATEMENT/ADDED ENTRY--TITLE
Title Old Testament message, 7
650 ## - SUBJECT ADDED ENTRY--TOPICAL TERM
Topical term following geographic name as entry element Science --Encyclopedias
650 ## - SUBJECT ADDED ENTRY--TOPICAL TERM
Location of event Technology --Encyclopedias
942 00 - ADDED ENTRY ELEMENTS (KOHA)
Koha issues (borrowed), all copies 7
Holdings
Withdrawn status Lost status Source of classification or shelving scheme Damaged status Not for loan Collection code Home library Current library Shelving location Date acquired Total Checkouts Full call number Barcode Date last seen Date checked out Copy number Price effective from Koha item type
    Library of Congress Classification     Main Collection ARRUPE LIBRARY ARRUPE LIBRARY   04/03/2013 4 BS1585.3.V3 46003018801 05/04/2018 23/03/2018 1 04/03/2013 Monograph ( Printed materials)
    Library of Congress Classification     Main Collection ARRUPE LIBRARY ARRUPE LIBRARY   04/03/2013 6 BS1585.3.V3 46003089166 11/04/2019 26/03/2019 2 04/03/2013 Monograph ( Printed materials)
    Library of Congress Classification     Main Collection ARRUPE LIBRARY ARRUPE LIBRARY   04/03/2013 2 BS1585.3.V3 46003018800 07/12/2016 25/03/2014 3 04/03/2013 Monograph ( Printed materials)

 

Arrupe Library. PO Box MP320 Mt Pleasant, Harare, Zimbabwe
263 242 745411|librarian@aju.ac.zw